000 00436nam a22001817a 4500
003 CEME
005 20210628210511.0
008 210208b xxu||||| |||| 00| 0 eng d
020 _a470-02520-4
040 _c.
082 _a540 LE
100 _aAly, H. H
_979643
245 _aLectures in theoratical high energy physics
260 _aNEW YORK
_bJOHN WILEY
_c1960
300 _a439
650 _aPHYSICS
_912125
942 _cBK
_2ddc
999 _c584662
_d584662